01817nam a2200337 i 4500003000900000005001700009008004100026040004600067041000800113082002800121092000700149099003800156100006500194245011500259264006600374300003000440336002200470337002400492338003300516504010800549546011600657650007200773651001000845856005700855905000700912942001900919999001700938952017500955952017501130952017401305EG-GICUC20260121101531.0251222s2007    ua ||||fr|||| 00| 0 ara d  a EG-GICUCbarac EG-GICUCd EG-GICUCerda0 aara04221a345.451bم ح . ج04221  aLaw1 07	345.451 م ح . ج  2007 0 aمحمد إبراهيم الدسوقى علىeمؤلف.12aالجزاء التأديبى وطرق الطعن فيه /cمحمد إبراهيم الدسوقى على. 1aالقاهرة :bدار النهضة العربية،c2007.  a208 ؛ صفحةc24 سم.  2rda contentatext  2rda mediaaComputer  2rda carrieraOnline Resource  aيحتوي على ارجاعات ببليوجرافية
يحتوي على قائمة بالمراجع  aالنص أغلبه باللغة العربية بعض النصوص الإنجليزية والفرنسية14aالسلطات التاديبية xالقانون الإداري1 2qrmak40uhttps://fll.law.cu.edu.eg/fulltext/bks/B07-01675.pdf  a75  2ddccBKe21n0  c52134d52134  00102ddc40718القانون الإداريaCUbLAW1d2025-12-22l0oLaw1 07	345.451 م ح . ج  2007  0701675	C1pB07-01675r2025-12-22 13:33:14t1w2025-12-22yBK  00102ddc40708القانون الإداريaCUbLAW1d2025-12-22l0oLaw1 07	345.451 م ح . ج  2007  0701676	C2pB07-01676r2025-12-22 13:33:36t2w2025-12-22yBK  00102ddc40708القانون الإداريaCUbLAW2d2026-01-12l0oLaw2 07 345.451 م ح . ج  2007 0703198 C3pB07-03198r2026-01-12 00:07:02t3w2026-01-12yBK